[Event "Mittelfranken-chTB2a 1819"]
[Site "Mittelfranken"]
[Date "2019.03.31"]
[Round "8.3"]
[White "Roth, Hubert"]
[Black "Veh Hoelzlein, Michael"]
[Result "1-0"]
[WhiteElo "1880"]
[BlackElo "1978"]
[PlyCount "79"]
[EventDate "2018.10.14"]
[EventType "team-tourn"]
[EventRounds "9"]
[EventCountry "GER"]
[SourceTitle "EXT 2022"]
[Source "ChessBase"]
[SourceDate "2021.10.06"]
[SourceVersion "1"]
[SourceVersionDate "2021.10.06"]
[SourceQuality "1"]
[WhiteTeam "Rothenburg II"]
[BlackTeam "Cadolzburg"]
[WhiteTeamCountry "GER"]
[BlackTeamCountry "GER"]

1. e4 e6 2. d4 d5 3. Nd2 Nf6 4. e5 Nfd7 5. f4 c5 6. c3 Nc6 7. Ndf3 Qb6 8. g3 cxd4 9. cxd4 f6 10. Bh3 Bb4+ 11. Kf1 f5 12. Ne2 0-0 13. Kg2 Na5 14. g4 Qc6 15. gxf5 Nb6 16. fxe6 Bxe6 17. Bxe6+ Qxe6 18. Qd3 Be7 19. Ng3 Rac8 20. f5 Qc6 21. b3 Qc2+ 22. Qd2 Bb4 23. Qxc2 Rxc2+ 24. Kh3 Bc3 25. Ba3 Bxa1 26. Bxf8 Rxa2 27. Bxg7 Kxg7 28. Nh5+ Kf8 29. e6 Nc6 30. f6 Rf2 31. Kg3 Rxf3+ 32. Kxf3 Nxd4+ 33. Kg4 Bc3 34. e7+ Kf7 35. Ng7 Kxf6 36. e8Q Kxg7 37. Rf1 Ne6 38. Qf7+ Kh6 39. Rf6+ Bxf6 40. Qxf6# 1-0

[Event "Mittelfranken-chTB2a 1819"]
[Site "Mittelfranken"]
[Date "2018.12.02"]
[Round "3.2"]
[White "Veh Hoelzlein, Michael"]
[Black "Kunth, Andreas"]
[Result "1-0"]
[WhiteElo "1978"]
[BlackElo "1860"]
[PlyCount "37"]
[EventDate "2018.10.14"]
[EventType "team-tourn"]
[EventRounds "9"]
[EventCountry "GER"]
[SourceTitle "EXT 2022"]
[Source "ChessBase"]
[SourceDate "2021.10.06"]
[SourceVersion "1"]
[SourceVersionDate "2021.10.06"]
[SourceQuality "1"]
[WhiteTeam "Cadolzburg"]
[BlackTeam "Dinkelsbuehl"]
[WhiteTeamCountry "GER"]
[BlackTeamCountry "GER"]

1. e4 c5 2. Nf3 Nc6 3. Bb5 Qc7 4. 0-0 d6 5. c3 Nf6 6. Re1 Bd7 7. d4 cxd4 8. cxd4 a6 9. Bc4 b5 10. Bb3 Na5 11. e5 dxe5 12. dxe5 Nxb3 13. axb3 Ng4 14. Nc3 Qa7 15. Qe2 b4 16. Nd5 Qc5 17. Rd1 Bb5 18. Qxb5+ axb5 19. Nc7+ 1-0

[Event "Mittelfranken-chTB2a 1819"]
[Site "Mittelfranken"]
[Date "2018.10.14"]
[Round "1.2"]
[White "Veh Hoelzlein, Michael"]
[Black "Ludwig, Michael"]
[Result "1-0"]
[WhiteElo "1978"]
[BlackElo "1896"]
[PlyCount "127"]
[EventDate "2018.10.14"]
[EventType "team-tourn"]
[EventRounds "9"]
[EventCountry "GER"]
[SourceTitle "EXT 2022"]
[Source "ChessBase"]
[SourceDate "2021.10.06"]
[SourceVersion "1"]
[SourceVersionDate "2021.10.06"]
[SourceQuality "1"]
[WhiteTeam "Cadolzburg"]
[BlackTeam "Buechenbach/Roth II"]
[WhiteTeamCountry "GER"]
[BlackTeamCountry "GER"]

1. e4 c6 2. Nf3 d5 3. exd5 cxd5 4. Ne5 Nc6 5. d4 Nf6 6. c3 e6 7. Bd3 Bd6 8. f4 Qb6 9. Nd2 Bd7 10. Ndf3 Rc8 11. Qe2 0-0 12. 0-0 Qc7 13. Bd2 Ne7 14. Rae1 h6 15. Nxd7 Qxd7 16. Ne5 Qe8 17. Bb1 a6 18. Ng4 Nxg4 19. Qxg4 f5 20. Qe2 Rf6 21. b3 b5 22. Bd3 Rb8 23. Rb1 a5 24. c4 b4 25. c5 Bc7 26. Be1 Nc6 27. Qe3 Na7 28. Bh4 Rg6 29. Be2 Nb5 30. Bh5 Nc3 31. Bxg6 Qxg6 32. Rb2 Ne4 33. Kh1 Qh5 34. Be1 g5 35. g3 Kg7 36. Rg2 Rh8 37. Qe2 Qf7 38. g4 Kf6 39. Bg3 Kg6 40. gxf5+ exf5 41. Qa6+ Kg7 42. Qc6 Rh7 43. a3 bxa3 44. Ra2 Rh8 45. Kg2 Kh7 46. fxg5 Bxg3 47. g6+ Qxg6 48. Qxg6+ Kxg6 49. hxg3 a4 50. bxa4 Rb8 51. Rxa3 Rb2+ 52. Kh1 Nf2+ 53. Rxf2 Rxf2 54. a5 Kg5 55. a6 f4 56. a7 fxg3 57. Rxg3+ Kh4 58. Ra3 h5 59. a8Q Rf5 60. Qd8+ Kg4 61. Kg2 h4 62. Qd7 Kf4 63. Rf3+ Ke4 64. Qxf5+ 1-0

[Event "Mittelfranken-chTB2a 1718"]
[Site "Mittelfranken"]
[Date "2018.04.22"]
[Round "8.2"]
[White "Veh Hoelzlein, Michael"]
[Black "Kirbach, Thomas"]
[Result "1-0"]
[WhiteElo "1962"]
[BlackElo "1924"]
[PlyCount "83"]
[EventDate "2017.10.08"]
[EventType "team-tourn"]
[EventRounds "9"]
[EventCountry "GER"]
[SourceTitle "EXT 2022"]
[Source "ChessBase"]
[SourceDate "2021.10.06"]
[SourceVersion "1"]
[SourceVersionDate "2021.10.06"]
[SourceQuality "1"]
[WhiteTeam "Cadolzburg"]
[BlackTeam "Fuerth SF"]
[WhiteTeamCountry "GER"]
[BlackTeamCountry "GER"]

1. e4 d6 2. Bc4 Nf6 3. d3 g6 4. f4 Bg7 5. Nf3 c6 6. Bb3 b5 7. 0-0 0-0 8. h3 a5 9. a3 Na6 10. Be3 Nc5 11. Ba2 Be6 12. Nc3 Bxa2 13. Rxa2 Nfd7 14. d4 Na6 15. Qd3 Nb6 16. Nd2 Qc7 17. Ne2 Qb7 18. c3 b4 19. axb4 axb4 20. Rfa1 Nc7 21. cxb4 Nd7 22. Qc4 d5 23. Qb3 Rxa2 24. Rxa2 dxe4 25. Nxe4 Nd5 26. Bd2 Qb5 27. Kf2 Rb8 28. Ra7 N7f6 29. Nc5 Nxb4 30. Bxb4 Qxb4 31. Qxb4 Rxb4 32. b3 Bf8 33. Rc7 Rb6 34. Nc3 e6 35. Rc8 Kg7 36. N3a4 Bxc5 37. Nxc5 Nd5 38. Kf3 Nb4 39. Rc7 Kg8 40. Nd7 Na6 41. Rc8+ Kg7 42. Nxb6 1-0

[Event "Mittelfranken-chTB2a 1718"]
[Site "Mittelfranken"]
[Date "2018.02.18"]
[Round "5.2"]
[White "Heimrath, Wolfgang"]
[Black "Veh Hoelzlein, Michael"]
[Result "1/2-1/2"]
[WhiteElo "2120"]
[BlackElo "1962"]
[PlyCount "104"]
[EventDate "2017.10.08"]
[EventType "team-tourn"]
[EventRounds "9"]
[EventCountry "GER"]
[SourceTitle "EXT 2022"]
[Source "ChessBase"]
[SourceDate "2021.10.06"]
[SourceVersion "1"]
[SourceVersionDate "2021.10.06"]
[SourceQuality "1"]
[WhiteTeam "Fuerth SG"]
[BlackTeam "Cadolzburg"]
[WhiteTeamCountry "GER"]
[BlackTeamCountry "GER"]

1. e4 e6 2. c4 c6 3. d4 d5 4. Nc3 dxe4 5. Nxe4 Bb4+ 6. Nc3 Nf6 7. a3 Be7 8. Nf3 0-0 9. Bd3 c5 10. dxc5 Bxc5 11. b4 Be7 12. Bf4 a5 13. b5 b6 14. 0-0 Bb7 15. Qe2 Nbd7 16. Rfd1 Qc8 17. Na4 Re8 18. Ne5 Bc5 19. Qc2 Nf8 20. Qb2 Ne4 21. Nxc5 Nxc5 22. Bc2 f6 23. Nd3 e5 24. Nxc5 bxc5 25. Bg3 Ne6 26. Qb1 g6 27. Bxg6 hxg6 28. Qxg6+ Ng7 29. Qxf6 Re6 30. Qg5 Qc7 31. Rd3 Rae8 32. Rad1 Qf7 33. Qe3 R6e7 34. Bh4 Rc7 35. Bg5 Nf5 36. Qc1 Nd4 37. Re1 Qh5 38. Qd2 Rg7 39. Rg3 Nf5 40. Bf6 Nxg3 41. Bxg7 Ne4 42. Qh6 Qf5 43. f3 Ng5 44. Bf6 Ne6 45. Rxe5 Qh7 46. Qxh7+ Kxh7 47. Bh4 Kg6 48. Be1 a4 49. Bc3 Kf7 50. f4 Rd8 51. f5 Nf4 52. h3 Bxg2 1/2-1/2

[Event "Mittelfranken-chTB2a 1516"]
[Site "Mittelfranken"]
[Date "2016.02.14"]
[Round "6.4"]
[White "Switt, Juri"]
[Black "Veh Hoelzlein, Michael"]
[Result "0-1"]
[WhiteElo "1670"]
[BlackElo "1950"]
[PlyCount "72"]
[EventDate "2015.10.18"]
[EventType "team-tourn"]
[EventRounds "9"]
[EventCountry "GER"]
[SourceTitle "EXT 2020"]
[Source "ChessBase"]
[SourceDate "2019.10.17"]
[SourceVersion "1"]
[SourceVersionDate "2019.10.17"]
[SourceQuality "1"]
[WhiteTeam "Nuernberg Sued SW IV"]
[BlackTeam "Cadolzburg"]
[WhiteTeamCountry "GER"]
[BlackTeamCountry "GER"]

1. e4 e6 2. Nc3 d5 3. exd5 exd5 4. d4 Nc6 5. Bb5 Nge7 6. Nge2 Bg4 7. f3 Bf5 8. Nf4 Qd7 9. g4 Bg6 10. Nxg6 Nxg6 11. Bg5 f6 12. Qe2+ Be7 13. Be3 0-0-0 14. 0-0-0 Rhe8 15. Bf2 Nf4 16. Qd2 Bd6 17. Bg3 g5 18. Ne2 Nxe2+ 19. Bxe2 Ne7 20. Bd3 Qa4 21. c3 Rh8 22. Qc2 Qxc2+ 23. Bxc2 Ng6 24. Bf5+ Kb8 25. Bxg6 hxg6 26. Rde1 Kc8 27. Bxd6 Rxd6 28. Re7 Rh3 29. Rg7 Re6 30. Rxg6 Rxf3 31. h4 gxh4 32. Rxh4 Re2 33. Rh1 Rff2 34. Rg7 b6 35. Rh8+ Kb7 36. Rhh7 Rf1# 0-1

[Event "Mittelfranken-chTB2a 1314"]
[Site "Mittelfranken"]
[Date "2014.02.16"]
[Round "6.3"]
[White "Lutzky, Manfred"]
[Black "Veh Hoelzlein, Michael"]
[Result "1/2-1/2"]
[WhiteElo "1880"]
[BlackElo "1950"]
[PlyCount "66"]
[EventDate "2013.10.20"]
[EventType "team-tourn"]
[EventRounds "9"]
[EventCountry "GER"]
[SourceTitle "EXT 2020"]
[Source "ChessBase"]
[SourceDate "2019.10.17"]
[SourceVersion "1"]
[SourceVersionDate "2019.10.17"]
[SourceQuality "1"]
[WhiteTeam "Nuernberg NT V"]
[BlackTeam "Cadolzburg"]
[WhiteTeamCountry "GER"]
[BlackTeamCountry "GER"]

1. e4 e6 2. d4 d5 3. exd5 exd5 4. Bd3 Bd6 5. Qf3 Nc6 6. Ne2 Nge7 7. Bg5 Be6 8. c3 f6 9. Bf4 Ng6 10. Bxd6 Qxd6 11. Na3 0-0-0 12. Qg3 Qd7 13. Kd2 Nce7 14. Nf4 Nxf4 15. Qxf4 g5 16. Qf3 Bg4 17. Qg3 h5 18. f3 Bf5 19. Rae1 Ng6 20. Bxf5 Qxf5 21. Re3 Nf4 22. Rhe1 Rd6 23. Re8+ Rxe8 24. Rxe8+ Kd7 25. Qe1 Nxg2 26. Qe7+ Kc6 27. Qe2 Kd7 28. Qe7+ Kc6 29. Qe2 Kd7 30. Re7+ Kd8 31. Rg7 Qf4+ 32. Kd3 Qf5+ 33. Kd2 Qf4+ 1/2-1/2

[Event "Mittelfranken-chTB2a 1112"]
[Site "Germany"]
[Date "2012.03.11"]
[Round "8.4"]
[White "Veh Hoelzlein, Michael"]
[Black "Luther, Helmut"]
[Result "1/2-1/2"]
[WhiteElo "1977"]
[BlackElo "1949"]
[PlyCount "97"]
[EventDate "2011.09.25"]
[EventType "team-tourn"]
[EventRounds "9"]
[EventCountry "GER"]
[SourceTitle "EXT 2018"]
[Source "ChessBase"]
[SourceDate "2017.10.13"]
[SourceVersion "1"]
[SourceVersionDate "2017.10.13"]
[SourceQuality "1"]
[WhiteTeam "Cadolzburg"]
[BlackTeam "Nuernberg Sued SW III"]
[WhiteTeamCountry "GER"]
[BlackTeamCountry "GER"]

1. e4 d5 2. exd5 Qxd5 3. Nc3 Qd6 4. Bc4 Nf6 5. h3 c6 6. d3 g6 7. Nge2 Bg7 8. Bf4 Qd8 9. Qd2 0-0 10. Bh6 b5 11. Bxg7 Kxg7 12. Bb3 Bb7 13. 0-0-0 a5 14. a4 b4 15. Ne4 Nxe4 16. dxe4 Qxd2+ 17. Rxd2 c5 18. Bd5 Nc6 19. Rhd1 e6 20. Bxe6 fxe6 21. Rd7+ Kg8 22. Rxb7 Rxf2 23. Rc7 Rxe2 24. Rxc6 Rxe4 25. Rd7 c4 26. Rcc7 Rh4 27. Kd2 e5 28. Ke3 c3 29. bxc3 bxc3 30. Kd3 Rxa4 31. Rg7+ Kf8 32. Rxh7 Kg8 33. Rhg7+ Kh8 34. Rxg6 Rh4 35. Rxc3 a4 36. Ra3 Rd4+ 37. Ke3 Kh7 38. Re6 Rc4 39. c3 Ra5 40. Rb6 Rac5 41. Kd2 Rf4 42. Ke3 Rfc4 43. Ra6 Rxc3+ 44. Rxc3 Rxc3+ 45. Ke4 Rg3 46. Rxa4 Rxg2 47. Kxe5 Rf2 48. Rf4 Rxf4 49. Kxf4 1/2-1/2

[Event "Mittelfranken-chTB2b 1011"]
[Site "Germany"]
[Date "2010.12.05"]
[Round "4.3"]
[White "Veh Hoelzlein, Michael"]
[Black "Zimmer, Frank2222"]
[Result "1-0"]
[WhiteElo "1997"]
[BlackElo "1738"]
[PlyCount "97"]
[EventDate "2010.09.26"]
[EventType "team-tourn"]
[EventRounds "9"]
[EventCountry "GER"]
[SourceTitle "EXT 2012"]
[Source "ChessBase"]
[SourceDate "2011.11.24"]
[SourceVersion "1"]
[SourceVersionDate "2011.11.24"]
[SourceQuality "1"]
[WhiteTeam "Cadolzburg"]
[BlackTeam "Nuernberg SK 1911 II"]
[WhiteTeamCountry "GER"]
[BlackTeamCountry "GER"]

1. e4 c6 2. d4 d5 3. e5 Bf5 4. Ne2 e6 5. Nf4 Ne7 6. Nc3 Nd7 7. g4 Bg6 8. h4 h6 9. Nxg6 Nxg6 10. h5 Ne7 11. Be3 b5 12. Bd3 Nb6 13. b3 Nec8 14. Ne2 Be7 15. Ng3 Bh4 16. 0-0 Qd7 17. Kg2 Rf8 18. f4 Bxg3 19. Kxg3 f5 20. exf6 Rxf6 21. Bg6+ Kd8 22. g5 hxg5 23. fxg5 Rxg6 24. hxg6 Nd6 25. Rf8+ Ke7 26. Rxa8 Nxa8 27. Bf4 Ne4+ 28. Kg2 Nb6 29. Qh5 Qe8 30. Rf1 Nc8 31. Qh7 Kd8 32. Qxg7 Ne7 33. Be5 Qxg6 34. Rf8+ Kd7 35. Qxg6 Nxg6 36. Rf7+ Kd8 37. Rxa7 Nxe5 38. dxe5 Nxg5 39. Kg3 Ne4+ 40. Kg4 Nc5 41. Kg5 Nd7 42. a4 Nxe5 43. Kf6 Nf3 44. Kxe6 Nd4+ 45. Kd6 Kc8 46. Rc7+ Kb8 47. Rxc6 Nxc6 48. Kxc6 bxa4 49. bxa4 1-0

[Event "Mittelfranken-chTB2b 1011"]
[Site "Germany"]
[Date "2010.10.17"]
[Round "2.2"]
[White "Classen, Anton"]
[Black "Veh Hoelzlein, Michael"]
[Result "1-0"]
[WhiteElo "1824"]
[BlackElo "1997"]
[PlyCount "101"]
[EventDate "2010.09.26"]
[EventType "team-tourn"]
[EventRounds "9"]
[EventCountry "GER"]
[SourceTitle "EXT 2012"]
[Source "ChessBase"]
[SourceDate "2011.11.24"]
[SourceVersion "1"]
[SourceVersionDate "2011.11.24"]
[SourceQuality "1"]
[WhiteTeam "Buechenbach/Roth II"]
[BlackTeam "Cadolzburg"]
[WhiteTeamCountry "GER"]
[BlackTeamCountry "GER"]

1. e4 e6 2. d4 d5 3. exd5 exd5 4. Bd3 Bd6 5. c3 Ne7 6. Ne2 Bg4 7. f3 Bf5 8. Bf4 Nbc6 9. 0-0 Bxf4 10. Nxf4 Qd6 11. g3 0-0-0 12. Ng2 h5 13. Bxf5+ Nxf5 14. f4 Kb8 15. Qd3 Nce7 16. h4 g5 17. fxg5 Nxg3 18. Rf3 Ne4 19. Nd2 f6 20. Nxe4 dxe4 21. Qxe4 fxg5 22. hxg5 Rhg8 23. Re1 Nd5 24. Rf5 a6 25. Qe6 Nb6 26. Qxd6 Rxd6 27. Nh4 Na4 28. Re2 Rb6 29. g6 Nxb2 30. Rxh5 Nd3 31. Rf5 Rc6 32. Rf7 Rcxg6+ 33. Nxg6 Rxg6+ 34. Kf1 Rc6 35. Re8+ Ka7 36. Ree7 Kb6 37. Ke2 Nc1+ 38. Kd2 Nxa2 39. Rf3 Kb5 40. Kc2 Nb4+ 41. Kb3 Na2 42. Re5+ Kb6 43. Kxa2 Rh6 44. Rf1 Rh2+ 45. Kb3 Rh7 46. Rf6+ Ka7 47. Ref5 Rh1 48. Rf7 c6 49. Rg7 Rb1+ 50. Kc2 Rb6 51. Rf1 1-0

[Event "Mittelfranken-chTB2b 1011"]
[Site "Germany"]
[Date "2010.09.26"]
[Round "1.3"]
[White "Wegmann, Wolfgang"]
[Black "Veh Hoelzlein, Michael"]
[Result "1/2-1/2"]
[WhiteElo "1865"]
[BlackElo "1997"]
[PlyCount "75"]
[EventDate "2010.09.26"]
[EventType "team-tourn"]
[EventRounds "9"]
[EventCountry "GER"]
[SourceTitle "EXT 2012"]
[Source "ChessBase"]
[SourceDate "2011.11.24"]
[SourceVersion "1"]
[SourceVersionDate "2011.11.24"]
[SourceQuality "1"]
[WhiteTeam "Heideck/Hilpoltstein"]
[BlackTeam "Cadolzburg"]
[WhiteTeamCountry "GER"]
[BlackTeamCountry "GER"]

1. e4 e6 2. d4 d5 3. Nc3 Nf6 4. Bg5 Bb4 5. e5 h6 6. Bd2 Bxc3 7. bxc3 Ne4 8. Nf3 c5 9. Bd3 Nc6 10. Qe2 Nxd2 11. Qxd2 0-0 12. 0-0 Qa5 13. Qe3 c4 14. Be2 Bd7 15. Nh4 f5 16. f4 Qa3 17. Qd2 a5 18. g4 Na7 19. gxf5 exf5 20. Bf3 Be6 21. Rab1 b5 22. Rfd1 Rad8 23. Kh1 Rf7 24. Rg1 Rb7 25. Rbd1 b4 26. Qg2 Re7 27. Qg6 Kh8 28. Nxf5 Bxf5 29. Qxf5 Qxc3 30. Rg3 Nc6 31. Bxd5 Nxd4 32. Qg6 Qxc2 33. Be4 Qxd1+ 34. Rg1 Qxg1+ 35. Kxg1 Kg8 36. Qh7+ Kf7 37. Qg6+ Kg8 38. Qh7+ 1/2-1/2

[Event "Mittelfranken-chTB2a 0809"]
[Site "Mittelfranken"]
[Date "2009.01.25"]
[Round "5.2"]
[White "Veh Hoelzlein, Michael"]
[Black "Glitz, Martin"]
[Result "1/2-1/2"]
[WhiteElo "2008"]
[BlackElo "1985"]
[PlyCount "82"]
[EventDate "2008.10.12"]
[EventType "team"]
[EventRounds "9"]
[EventCountry "GER"]
[SourceTitle "EXT 2011"]
[Source "ChessBase"]
[SourceDate "2010.11.26"]
[SourceVersion "1"]
[SourceVersionDate "2010.11.26"]
[SourceQuality "1"]
[WhiteTeam "Cadolzburg"]
[BlackTeam "Herzogenaurach"]
[WhiteTeamCountry "GER"]
[BlackTeamCountry "GER"]

1. e4 c6 2. Nc3 d5 3. f4 dxe4 4. Nxe4 Nf6 5. Nf2 g6 6. Nf3 Bg7 7. Bc4 0-0 8. 0-0 a5 9. a4 Nbd7 10. Qe2 Nb6 11. Bb3 Nbd5 12. d3 h6 13. Ne5 Nd7 14. Nfg4 Nxe5 15. Nxe5 Qd6 16. Bd2 Bd7 17. Rae1 e6 18. Rf3 c5 19. Rh3 Bc6 20. Qf2 b6 21. Qh4 Rfe8 22. c4 Ne7 23. Bc3 Nf5 24. Qf2 Bb7 25. Bd1 Rad8 26. g4 Nd4 27. Rhe3 Ba8 28. Qh4 Qe7 29. Qg3 Kh7 30. Kf2 Bf6 31. Qh3 Bh4+ 32. Kf1 Bxe1 33. Bxe1 f6 34. Nf3 Bxf3 35. Bxf3 Nxf3 36. Qxf3 Qd7 37. b3 Kg7 38. Bc3 Kf7 39. g5 fxg5 40. fxg5+ Kg8 41. Qe4 Rf8+ 1/2-1/2

[Event "Mittelfrankenliga-B2b 0708"]
[Site "Mittelfranken"]
[Date "2008.01.27"]
[Round "5.3"]
[White "Goetz, Dieter"]
[Black "Veh Hoelzlein, Michael"]
[Result "0-1"]
[WhiteElo "1849"]
[BlackElo "1979"]
[PlyCount "90"]
[EventDate "2007.10.14"]
[EventType "team-tourn"]
[EventRounds "9"]
[EventCountry "GER"]
[SourceTitle "EXT 2011"]
[Source "ChessBase"]
[SourceDate "2010.11.26"]
[SourceVersion "1"]
[SourceVersionDate "2010.11.26"]
[SourceQuality "1"]
[WhiteTeam "Nuernberg SK 1911 II"]
[BlackTeam "Cadolzburg"]
[WhiteTeamCountry "GER"]
[BlackTeamCountry "GER"]

1. c4 Nf6 2. Nc3 c5 3. g3 d5 4. cxd5 Nxd5 5. Bg2 Nc7 6. Nf3 Nc6 7. 0-0 e5 8. d3 Bd7 9. Nd2 Be7 10. Nc4 0-0 11. Bxc6 Bxc6 12. Nxe5 Be8 13. Be3 Ne6 14. Qb3 Bf6 15. Nf3 Bc6 16. Ne4 Bd4 17. Bxd4 Nxd4 18. Nxd4 Qxd4 19. Qc3 Rfe8 20. e3 Qd5 21. Qxc5 Qxd3 22. Nc3 Qd7 23. Qh5 Re6 24. Rad1 Qe8 25. Nd5 Re5 26. Qf3 Rd8 27. Nf6+ gxf6 28. Qxf6 Red5 29. Rd4 Qe6 30. Qxe6 fxe6 31. Rfd1 Rxd4 32. Rxd4 Rxd4 33. exd4 Kf7 34. Kf1 Bf3 35. Ke1 Kf6 36. Kd2 Kf5 37. Ke3 Bd5 38. a3 Kg4 39. h4 h5 40. Kd2 Be4 41. Ke3 Bf3 42. b4 b5 43. Kd3 Kh3 44. Kd2 Kg2 45. Ke3 Bg4 0-1

[Event "Mittelfrankenliga-B2b 0708"]
[Site "Mittelfranken"]
[Date "2007.10.14"]
[Round "1.3"]
[White "Veh Hoelzlein, Michael"]
[Black "Bildt, Maximilian"]
[Result "1-0"]
[WhiteElo "1979"]
[BlackElo "1802"]
[PlyCount "67"]
[EventDate "2007.10.14"]
[EventType "team-tourn"]
[EventRounds "9"]
[EventCountry "GER"]
[SourceTitle "EXT 2011"]
[Source "ChessBase"]
[SourceDate "2010.11.26"]
[SourceVersion "1"]
[SourceVersionDate "2010.11.26"]
[SourceQuality "1"]
[WhiteTeam "Cadolzburg"]
[BlackTeam "Muehlhof"]
[WhiteTeamCountry "GER"]
[BlackTeamCountry "GER"]

1. e4 e5 2. Nf3 Nc6 3. d4 exd4 4. Nxd4 Bc5 5. Be3 Qf6 6. c3 Nge7 7. Bc4 Ne5 8. Be2 N7g6 9. 0-0 Nf4 10. Nb5 Nxe2+ 11. Qxe2 Qb6 12. Bf4 d6 13. Kh1 Be6 14. N5a3 a5 15. Bxe5 dxe5 16. Nc4 Bxc4 17. Qxc4 Bxf2 18. Nd2 0-0 19. Nf3 Rae8 20. Rad1 Bc5 21. Ng5 Re7 22. Rd5 Bd6 23. Qe2 f6 24. Nf3 Rd8 25. Nh4 c6 26. Rd3 Red7 27. Rfd1 Qc7 28. Qg4 Kf7 29. Nf5 Bf8 30. Nh6+ Ke7 31. Ng8+ Ke8 32. Qe6+ Be7 33. Nxe7 Rxd3 34. Ng6+ 1-0

[Event "Mittelfrankenliga-B2b 0607"]
[Site "Mittelfranken"]
[Date "2007.01.14"]
[Round "4.3"]
[White "Firla, Erwin"]
[Black "Veh Hoelzlein, Michael"]
[Result "0-1"]
[WhiteElo "1896"]
[BlackElo "1956"]
[PlyCount "54"]
[EventDate "2006.10.22"]
[EventType "team-tourn"]
[EventRounds "9"]
[EventCountry "GER"]
[SourceTitle "EXT 2011"]
[Source "ChessBase"]
[SourceDate "2010.11.26"]
[SourceVersion "1"]
[SourceVersionDate "2010.11.26"]
[SourceQuality "1"]
[WhiteTeam "Postbauer II"]
[BlackTeam "Cadolzburg"]
[WhiteTeamCountry "GER"]
[BlackTeamCountry "GER"]

1. e4 e6 2. d4 d5 3. exd5 exd5 4. Bd3 Nf6 5. Nf3 Nc6 6. c3 Bd6 7. 0-0 0-0 8. Re1 Ne7 9. h3 h6 10. Qc2 c5 11. dxc5 Bxc5 12. Be3 b6 13. Nbd2 Bb7 14. Nb3 Rc8 15. Qd2 Ne4 16. Qc2 f5 17. Rad1 Qe8 18. Nfd4 Qf7 19. f3 Nd6 20. Re2 Ng6 21. Rde1 Ne5 22. Bf2 Nxd3 23. Qxd3 Rfe8 24. Rxe8+ Rxe8 25. Rxe8+ Qxe8 26. Nxf5 Qe1+ 27. Kh2 Bxf2 0-1

[Event "Regionalliga NO 0506"]
[Site "Bayern"]
[Date "2005.10.23"]
[Round "1.4"]
[White "Veh Hoelzlein, Michael"]
[Black "Seidl, Juergen"]
[Result "0-1"]
[WhiteElo "1991"]
[BlackElo "2141"]
[PlyCount "93"]
[EventDate "2005.10.23"]
[EventType "team-tourn"]
[EventRounds "9"]
[EventCountry "GER"]
[SourceTitle "EXT 2007"]
[Source "ChessBase"]
[SourceDate "2006.11.23"]
[SourceVersion "1"]
[SourceVersionDate "2006.11.23"]
[SourceQuality "1"]

1. e4 c6 2. d4 d5 3. f3 g6 4. Nc3 Bg7 5. Be3 dxe4 6. fxe4 Nf6 7. Be2 Qa5 8. Qd2 0-0 9. 0-0-0 e5 10. dxe5 Ng4 11. Bxg4 Bxg4 12. Nf3 Nd7 13. Bh6 Nxe5 14. Bxg7 Kxg7 15. Qf4 Bxf3 16. gxf3 Nc4 17. Rd3 Rad8 18. Kb1 Qb4 19. Qc1 Rxd3 20. cxd3 Ne5 21. Qe3 Rd8 22. Rd1 Qd4 23. Qe2 Nxd3 24. a3 c5 25. f4 c4 26. f5 a6 27. h4 Re8 28. fxg6 fxg6 29. h5 Rf8 30. h6+ Kxh6 31. Rh1+ Kg7 32. Qh2 h5 33. Rg1 Qe5 34. Qg2 Rf6 35. Nd5 Nf4 36. Nxf4 Qxf4 37. Qc2 b5 38. Rd1 h4 39. Rd7+ Kh6 40. Rd8 Qf1+ 41. Ka2 Qe1 42. Rd1 Qe3 43. Rd8 Rf1 44. Rh8+ Kg7 45. Rxh4 Rc1 46. Rh3 Qg1 47. b4 0-1